Statistics for European countries by shortest border

Click here to take the quiz!

General Stats

  • This quiz has been taken 34 times
  • The average score is 24 of 42

Answer Stats

CountryNeighbour% Correct
SwitzerlandLiechtenstein
97%
PortugalSpain
94%
SlovakiaAustria
71%
MonacoFrance
71%
RomaniaHungary
71%
LiechtensteinAustria
68%
LuxembourgFrance
68%
DenmarkGermany
68%
AustriaLiechtenstein
68%
BelgiumLuxembourg
68%
FinlandNorway
68%
Vatican CityItaly
65%
BulgariaNorth Macedonia
65%
MoldovaRomania
65%
EstoniaRussia
65%
San MarinoItaly
61%
KosovoMontenegro
61%
United KingdomSpain
61%
LatviaBelarus
58%
FranceMonaco
58%
SerbiaNorth Macedonia
58%
IrelandUk
58%
MontenegroCroatia
55%
SloveniaHungary
52%
Bosnia and HerzegovinaMontenegro
52%
North MacedoniaSerbia
52%
HungarySlovenia
52%
SpainUk
52%
SwedenFinland
48%
AndorraFrance
48%
BelarusLatvia
48%
PolandLithuania
48%
CzechiaSlovakia
48%
CyprusUk
48%
ItalyVatican City
48%
AlbaniaKosovo
45%
CroatiaMontenegro
45%
NorwayRussia
45%
UkraineSlovakia
45%
GreeceTurkey
45%
LithuaniaPoland
42%
NetherlandsFrance
35%

Score Distribution

Percentile by Number Answered

Percent of People with Each Score

Your Score History

You have not taken this quiz